=LDR 00000nam 2200000 4500 =001 NUTBA000000000005175 =005 20141022152028.0 =006 =007 =008 =020 ##$$a 978-979-9331-30-0 =035 ##$$a 0010-101400000000405 =040 ##$$a NBPDMAT =090 ##$$a 92 ( Dahlan ) $b Mar k =100 ##$$a Mardanas Safwan =245 ##$$a Kiai Haji Akhmad Dahlan/ $c Mardanas Safwan, Sutirsno Kutoyo =260 ##$$a Jakarta : $b Mutiara Sumber Widya, $c 2010 =300 ##$$a iv, 74 hlm. : $b ilus. ; $c 20 cm. =500 ##$$a Bibilografi : hlm. 74 =650 ##$$a Dahlan, Akhmad, Kiai Haji ( 1868 -1923 ) =700 ##$$a Sutirsno Kutoyo =850 ##$$a NBPDMAT